000
00323nam a2200145Ia 4500
003
OSt
008
191201s2004 xx 000 0 und d
082
_a
658.84
_b
PHI
100
_a
PHATAK, Arvind
245
0
_a
International Management
260
_a
New Delhi
_b
TMH
_c
2004
300
_a
579
650
_a
MBA
942
_2
ddc
_c
BK
999
_c
4219
_d
4219